000 00377nam a2200157Ia 4500
008 151213s9999 xx 000 0 und d
100 _aRicky W. Griffin
245 _aManagement
_cRicky W. Griffin
250 _a7th
260 _aBoston
_bHoughton Miffin
300 _a1215 p.
650 _aManagement
650 _aManagement
700 _aRicky W. Griffin
999 _c1069
_d1069